George Miller Filmography - Statistics

General Stats
  • This quiz has been taken 4 times
  • The average score is 6 of 31
Answer Stats
Hint Answer % Correct
1979 Mad Max
100%
2015 Mad Max: Fury Road
100%
2006 Happy Feet
75%
2011 Happy Feet Two
50%
1985 Mad Max: Beyond Thunderdome
50%
1981 Road Warrior
50%
1987 The Witches of Eastwick
50%
1995 Babe
25%
1998 Babe: Pig in the City
25%
2024 Furiosa
25%
1992 Lorenzo's Oil
25%
2017 Baby Driver
0%
2007 Death Proof
0%
1989 Dead Calm
0%
2018 Entre Oscuros Sueños
0%
1991 Flirting
0%
1988 Fragments of War: The Story of Damien Parer
0%
2007 Grindhouse
0%
1978 In Search of Anna
0%
2021 Last Night in Soho
0%
2014 Nosferatu vs. Father Pipecock & Sister Funk
0%
1984 Tausend Augen
0%
1980 The Chain Reaction
0%
1988 The Clean Machine
0%
1988 The Riddle of the Stinson
0%
2008 The Square
0%
1987 The Year My Voice Broke
0%
2022 Three Thousand Years of Longing
0%
1983 Twilight Zone: The Movie
0%
2022 Untitled Mad Max Project
0%
1996 Video Fool For Love
0%
No matching quizzes found
Score Distribution
Percent of People with Each Score
Percentile by Number Answered
Your Score History
You have not taken this quiz